| 000 | 00581nam a2200217Ia 4500 | ||
|---|---|---|---|
| 999 |
_c1953 _d1953 |
||
| 001 | 10292996 | ||
| 003 | OCoLC | ||
| 005 | 20180921202609.0 | ||
| 008 | 840112s1950 mou b 000 0 eng d | ||
| 010 | _a50002516 | ||
| 040 |
_aINA _cINA _dBSC |
||
| 082 |
_a268 _bB9591B |
||
| 092 |
_a268 _bB932b |
||
| 100 | 1 | _aBurke, Verdia. | |
| 245 | 1 | 0 |
_aBuilding a better Sunday school / _cby Verdia Burke. |
| 260 |
_aSt. Louis, Mo. : _bBethany Press, _cc1950. |
||
| 300 |
_a96 p. ; _c20 cm. |
||
| 504 | _aIncludes bibliographical references. | ||
| 650 | 0 | _aSunday schools. | |
| 942 |
_2ddc _cBK |
||